[Event "Vereinsjugendmeisterschaft 2024"]
[Site "Steinfurt"]
[Date "2024.06.02"]
[Round "6.7"]
[White "Tuncer, Daniel"]
[Black "Mennigen, Niklas"]
[Result "0-1"]
[WhiteElo "836"]
[BlackElo "1100"]
[PlyCount "66"]
[Beauty "8177617735682"]
[GameId "2056834828577258"]
[EventDate "2024.??.??"]
[WhiteTeam "SC Steinfurt 1996 e. V."]
[BlackTeam "SC Steinfurt 1996 e. V."]

{[%evp 9,65,-529,-521,-677,-680,-677,-672,-677,-677,-670,-673,-661,-632,-668,-641,-648,-618,-682,-682,-694,-681,-745,-742,-753,-742,-813,-816,-832,-828,-891,-884,-898,-896,-939,-921,-1775,-1217,-958,-889,-29987,-29987,-29988,-29985,-29992,-29991,-29991,-29990,-29990,-29991,-29994,-29995,-29995,-29996,-29997,-29995,-29995,-29995,-29999]} 1. e4 e5 2. Nf3 Nc6 3. Bc4 f5 4. Ng5 Qxg5 5. d3 Qxg2 6. Qh5+ $146 {C50: Italienische Partie.} ({Vorgänger:} 6. Rf1 fxe4 7. dxe4 Qxe4+ 8. Be2 Nd4 9. Nc3 Nf3# {0-1 Pegia,O-Kontogianni,V GRE-ch U08 Girls Rio Achaia 2018 (2)}) 6... g6 7. Qe2 Qxh1+ 8. Qf1 {Schwarz steht klar auf Gewinn.} Qxf1+ 9. Kxf1 Nd4 10. Nc3 Nxc2 11. Rb1 Nf6 12. Nb5 Kd8 13. Bd2 fxe4 14. dxe4 Nxe4 15. Ba5 b6 16. Be1 Nxe1 17. Rxe1 Nd2+ 18. Ke2 Nxc4 19. Rc1 Ba6 20. Nc3 Nxb2+ 21. Kd2 Bb4 {[#] ( -> ...Tf8)} 22. Kc2 Bxc3 23. Kxc3 Na4+ 24. Kb4 Nc5 {Schwarz setzt Matt.} 25. Kc3 Rf8 26. Kb4 Rf4+ 27. Kc3 Ne4+ 28. Kb3 Rxf2 29. Rc4 Bxc4+ 30. Kxc4 Rf3 31. a4 Rc3+ 32. Kd5 Ng5 {[%csl Gb6][%cal Rc3c5]} 33. h4 Rc5# {Gewichteter Fehlerwert: Weiß=0.42/Schwarz=0.08 (makellos) .  OK:         	Weiß=1     	Schwarz=1} 0-1

[Event "Vereinsjugendmeisterschaft 2024"]
[Site "Steinfurt"]
[Date "2024.06.02"]
[Round "6.8"]
[White "Venmanns, Joshua"]
[Black "Venmanns, Elisha David"]
[Result "1-0"]
[WhiteElo "750"]
[BlackElo "817"]
[PlyCount "37"]
[Beauty "8250632176162"]
[GameId "2056834828585451"]
[EventDate "2024.??.??"]
[WhiteTeam "SC Steinfurt 1996 e. V."]
[BlackTeam "SC Steinfurt 1996 e. V."]

{[%evp 11,37,117,214,166,271,225,306,299,437,273,362,342,340,342,406,210,687,-8,673,-210,726,-211,1151,601,770,748,1040,955]} 1. e4 e5 2. Nf3 Nc6 3. Nc3 Nf6 4. d4 exd4 5. Nxd4 Nxd4 6. Qxd4 c5 {[%eval 214,20] [%wdl 982,18,0]} (6... d6 $16 {[%eval 117,25] [%wdl 659,340,1] war angesagt.}) 7. Qc4 {C45: Schottische Partie.} Qe7 {[%eval 271,26] [%wdl 997,3,0]} (7... d6 {[%eval 166,25] [%wdl 915,85,0] war einen Versuch wert.}) 8. Be2 $146 {Droht Lf4 und aus.} ({Vorgänger:} 8. Bd3 Qe6 9. O-O Qe5 10. Be2 Be7 11. Bf3 O-O 12. Re1 Bd6 13. g3 Qe6 14. Qxe6 dxe6 {1-0 Acebo,B-Oneill,B (1554) USA-ch S70299 email ICCF email 2017}) 8... b5 9. Nxb5 {Weiß hat entscheidenden Vorteil.} (9. Qxb5 Nxe4 10. O-O Nxc3 11. bxc3 Qe5 $16) 9... d6 {[%eval 437,24] [%wdl 1000,0,0]} (9... Qe5 $142 {[%eval 299,25] [%wdl 999,1,0]} 10. f4 Qxe4) 10. Nc3 Be6 11. Qb5+ Bd7 12. Qb7 Rd8 13. Nd5 {[%eval 210,28] [%wdl 987,13,0]} (13. Qxa7 Qe5 14. O-O Be7 $18) (13. Bg5 $142 {[%eval 406,22] [%wdl 1000,0,0]}) 13... Qxe4 $2 {[%eval 687,23] [%wdl 1000,0,0] [#]} (13... Nxd5 {[%eval 210,28] [%wdl 987,13,0]} 14. exd5 (14. Qxd5 Qe6 $16) 14... Bc8) 14. c4 $2 {[%eval -8,25] [%wdl 15,956,29]} ({Weiss braucht} 14. Nxf6+ $18 {[%eval 687,23] [%wdl 1000,0,0]} gxf6 15. Qxe4+ Be7 16. Bf4) 14... Qxg2 $2 {[%eval 673,22] [%wdl 1000,0,0][%mdl 8192]} (14... Nxd5 $11 {[%eval -8,25] [%wdl 15,956,29]} 15. Qxd5 Qxd5 16. cxd5 Be7) 15. Rf1 $4 {[%eval -210,26] [%wdl 0,11,989][%mdl 8192]} (15. Nc7+ $18 {[%eval 673,22] [%wdl 1000,0,0] und alles wird gut.} Ke7 16. Qxg2) 15... Qe4 $4 {[%eval 726,24] [%wdl 1000,0,0][%mdl 8192]} (15... Qxh2 $2 16. Bf4 Qh4 17. Bg3 $18) (15... Nxd5 $19 {[%eval -210,26] [%wdl 0,11,989]} 16. Qxd5 Qxd5 (16... Qxh2 17. Bg5 $17) 17. cxd5 Be7) 16. Z0 $4 {[%eval -211,26] [%wdl 0,20,980][%mdl 8192]} (16. Qxa7 $2 Nxd5 17. cxd5 Bb5 $19) (16. Nxf6+ $18 {[%eval 726,24] [%wdl 1000,0,0]} gxf6 17. Qxe4+ Be6 18. Bh5) 16... Ng4 $4 {[%eval 1151,21] [%wdl 1000,0,0][%mdl 8192]} (16... Nxd5 $19 {[%eval -211,26] [%wdl 0,20,980]} 17. Qxd5 Qxd5 18. cxd5 Be7) 17. Bg5 {[%cal Rd5c7] Weiß steht klar auf Gewinn.} ({Minderwertig wäre} 17. Qxa7 Be7 (17... Nxh2 18. f3 $11) 18. Qb7 (18. Be3 Nxe3 19. fxe3 Bg5 $17) 18... Kf8 $15 (18... Nxh2 $2 {ist das falsche Schlagen.} 19. Nc7+ {[%csl Oe4][%mdl 64] Abzugsangriff} Kf8 20. Qxe4 $18)) 17... f6 18. Nc7+ {[%csl Oe4][%mdl 64] [#] Abzugsangriff} Ke7 19. Qxe4+ {Gewichteter Fehlerwert: Weiß=2.14/Schwarz=1.66.  Verlustzug:     	---       	Schwarz=1     Gewinn verpasst:   	Weiß=1     	Schwarz=2     Fehler:       	Weiß=1     	Schwarz=3     Ungenau:       	Weiß=1     	Schwarz=2     OK:         	Weiß=2     	---} 1-0

[Event "Vereinsjugendmeisterschaft 2024"]
[Site "Steinfurt"]
[Date "2024.06.02"]
[Round "6.9"]
[White "Krumbeck, Maya"]
[Black "Castillo, Valeria"]
[Result "1-0"]
[WhiteElo "774"]
[BlackElo "750"]
[PlyCount "37"]
[Beauty "8247008300038"]
[GameId "2056834828589548"]
[EventDate "2024.??.??"]
[WhiteTeam "SC Steinfurt 1996 e. V."]
[BlackTeam "SC Steinfurt 1996 e. V."]

{[%evp 9,36,245,423,-132,224,-71,518,497,725,711,798,783,29993,29994,29999,29996,29996,896,865,758,29987,29988,29991,29992,29992,29979,29998,29999,29999]} 1. e4 e5 2. Nf3 {[%cal Bg1f3,Bf3g5,Bg5f7,Bf7h8][%mdl 32]} Bd6 3. Bc4 Nf6 4. Ng5 Qe7 5. Nxf7 Rg8 $2 {[%eval 423,24] [%wdl 1000,0,0]} (5... Rf8 {[%eval 245,25] [%wdl 994,6,0]}) 6. g4 $146 {[%eval -132,24] [%wdl 0,231,769] C42: Russische Verteidigung (Petrow).} ({Weiss kommt nicht vorbei an} 6. Nxd6+ $18 {[%eval 423,24] [%wdl 1000,0,0]} Qxd6 7. Bxg8 Nxg8 8. Qh5+ Qg6 9. Qxe5+ Kf8 10. O-O (10. Qxc7 Qxe4+ 11. Kf1 Qc6 $18)) ({Vorgänger:} 6. Nxd6+ cxd6 7. Bxg8 Nxg8 8. Qh5+ g6 9. Qf3 b6 10. O-O Ba6 11. d3 Nc6 12. Nc3 {1-0 Blatt,R-De Martini,T BCC Sept Quads San Mateo 1998 (2)}) 6... Bb4 $2 {[%eval 224,23] [%wdl 988,12,0][%mdl 8192] [#]} (6... Bc5 $17 {[%eval -132,24] [%wdl 0,231,769][%cal Od7d5] Und ...d5! würde nun gewinnen.} 7. g5 d5 (7... Nxe4 8. Qh5 $16) 8. gxf6 Qxf6 (8... Qxf7 9. Bxd5 Qxf6 10. Qe2 $17)) 7. Nc3 {[%eval -71,25] [%wdl 3,711,286] [#]} (7. g5 $1 $18 {[%eval 224,23] [%wdl 988,12,0]} Nxe4 8. Qh5) 7... Nxg4 {[%eval 518,22] [%wdl 1000,0,0][%mdl 8192]} 8. Qxg4 $18 {Weiß steht klar auf Gewinn.} Rh8 {[%eval 725,22] [%wdl 1000,0,0]} (8... Na6 $142 {[%eval 497,27] [%wdl 1000,0,0]} 9. Nd5 Qxf7 10. Nxc7+ {[%csl Of7][%mdl 64] Abzugsangriff} Nxc7) 9. Nxh8 Nc6 10. Nd5 {[%csl LRc7,LRe7]} Qd8 11. Qxg7 {[%csl Gh8][%cal Rg7f7]} d6 12. Qg8+ Kd7 13. Qf7+ {[%eval 896,25] [%wdl 1000,0,0]} (13. Qg4+ $142 {[%eval 32760,115] [%wdl 1000,0,0]} Ke8 14. Qh5+ Kd7 15. Qf5+ Ke8 16. Qf7#) 13... Ne7 14. a4 b6 15. Rg1 {Weiß setzt Matt.} Bb7 16. Nxe7 {[%csl Gf7][%cal Rc4e6]} d5 17. exd5 Bxe7 18. Qe6+ Ke8 19. Rg8# {Gewichteter Fehlerwert: Weiß=0.84/Schwarz=1.99.  Verlustzug:     	---       	Schwarz=2     Gewinn verpasst:   	Weiß=1     	---        Fehler:       	---       	Schwarz=1     OK:         	Weiß=1     	---} 1-0

[Event "Vereinsjugendmeisterschaft 2024"]
[Site "Steinfurt"]
[Date "2024.06.02"]
[Round "6.10"]
[White "Ricker, Liam"]
[Black "Janning, Luis"]
[Result "0-1"]
[WhiteElo "752"]
[BlackElo "750"]
[PlyCount "66"]
[Beauty "8246337208320"]
[GameId "2056834828597741"]
[EventDate "2024.??.??"]
[WhiteTeam "SC Steinfurt 1996 e. V."]
[BlackTeam "SC Steinfurt 1996 e. V."]

{[%evp 9,65,-415,-179,-169,-148,-360,-163,-348,-282,-398,-347,-609,-475,-715,-705,-669,-546,-600,-523,-721,-527,-971,-713,-29987,-29982,-29996,-29997,-29997,-29993,-29993,-29994,-29995,-29994,-29998,-29998,-29998,-29996,-29996,-29996,-29997,-29996,-29997,-29998,-29999,-29996,-29996,-29996,-29997,-29998,-29999,-29999,-29999,-29999,-29999,-29999,-29999,-29999,-29999]} 1. e4 e5 2. f3 Nf6 3. g4 Nc6 {[%cal Bb8c6,Bc6d4,Bd4c2][%mdl 32]} 4. Nc3 Bb4 $146 ({Vorgänger:} 4... d5 5. d3 d4 6. Nce2 Bb4+ 7. Bd2 Bxd2+ 8. Qxd2 O-O 9. O-O-O Bxg4 10. fxg4 Nxg4 {1-0 Bazan,W-Silva de Oliveira,L (1793) Mogi Guacu op 2022 (4)}) 5. Na4 {[#]} b5 {[%eval -179,24] [%wdl 0,57,943]} 6. Bxb5 $19 {[#] C20: Seltene Züge.} Nd4 7. Bc4 {[%eval -360,22] [%wdl 0,0,1000] Davon erholt Weiß sich nicht mehr.} (7. c3 $17 {[%eval -148,23] [%wdl 0,148,852] kämpft weiter.} Nxb5 8. cxb4) 7... O-O {[%eval -163,23] [%wdl 0,96,904]} (7... d5 $142 {[%eval -360,22] [%wdl 0,0,1000]} 8. Be2 Bxg4 (8... dxe4 9. c3 $17)) 8. g5 $2 {[%eval -348,25] [%wdl 0,0,1000]} (8. c3 {[%eval -163,23] [%wdl 0,96,904]} Nxe4 (8... d5 9. cxd4 dxc4 10. a3 $17) 9. fxe4 Qh4+ 10. Kf1) 8... d5 9. exd5 {[%eval -398,22] [%wdl 0,0,1000]} (9. gxf6 $142 {[%eval -282,21] [%wdl 0,2,998]} dxc4 10. c3 Qxf6 11. cxd4) 9... Nxd5 10. h4 {[%eval -609,22] [%wdl 0,0,1000]} (10. Bxd5 {[%eval -347,24] [%wdl 0,0,1000]} Qxd5 11. Kf2) 10... Bf5 11. f4 {[%eval -715,22] [%wdl 0,0,1000]} (11. c3 $142 {[%eval -475,25] [%wdl 0,0,1000]} Bc2 {[%mdl 64] Gefangene Figur} 12. cxd4 Bxd1 13. Kxd1) 11... Nxc2+ 12. Kf2 Nxa1 13. h5 exf4 14. b3 Be4 {[%cal Od8g5] Und jetzt ...Dxg5! wäre schön.} 15. Bb2 Bxh1 16. Bxa1 Qxg5 {Schwarz setzt Matt.} 17. Nh3 Qg3+ 18. Ke2 Bf3+ 19. Kd3 Bxd1+ 20. Ke4 Bf3+ 21. Kf5 Qxh3+ 22. Ke5 Qxh5+ 23. Kd4 Bxd2 24. Nc5 Ne3 25. Nb7 Nxc4 26. Kxc4 Bxb7 {[%csl Gb7][%cal Rh5d5]} 27. Kd3 Qd5+ 28. Ke2 Rae8+ 29. Kf2 Re3 {[%csl Gb7][%cal Rd5g2]} 30. Kf1 Qf3+ 31. Kg1 Re1+ 32. Kh2 Re2+ 33. Kg1 Qg2# {Gewichteter Fehlerwert: Weiß=1.08/Schwarz=0.55.  Verlustzug:     	Weiß=1     	---        Fehler:       	Weiß=4     	Schwarz=1     Ungenau:       	Weiß=3     	---        OK:         	Weiß=1     	Schwarz=1} 0-1

[Event "Vereinsjugendmeisterschaft 2024"]
[Site "Steinfurt"]
[Date "2024.06.02"]
[Round "6.11"]
[White "Bernemann, Felix"]
[Black "Tuncer, Mehmet"]
[Result "1-0"]
[WhiteElo "750"]
[BlackElo "750"]
[Annotator "Admin"]
[PlyCount "87"]
[Beauty "7426535328775"]
[GameId "2056834828601838"]
[EventDate "2024.??.??"]
[WhiteTeam "SC Steinfurt 1996 e. V."]
[BlackTeam "SC Steinfurt 1996 e. V."]

{[%evp 9,87,-36,19,12,23,-38,-26,-32,-29,-28,-29,-23,72,58,61,-2,341,341,379,364,411,380,377,334,441,303,367,366,448,447,468,455,483,480,467,473,487,482,499,482,482,445,508,478,498,472,520,466,694,611,29992,29993,29993,29992,29996,29989,29991,29992,29997,29996,29996,29991,29991,29992,29993,29992,29994,29994,29994,29995,29995,29994,29994,29994,29995,29994,29994,29994,29994,29995]} 1. e4 e5 2. Nf3 d6 3. Nc3 Nc6 4. Bc4 Nf6 5. Bd5 Bg4 $146 ({Vorgänger:} 5... Be6 6. O-O Qe7 7. d3 g6 8. Nb5 Rc8 9. Ng5 Bg4 10. f3 Be6 11. Bxc6+ bxc6 12. Nxa7 Ra8 13. Nxc6 {1-0 Stache,M-Bocklenberg,M Volme op-E Schalksmuehle 2006 (5)}) 6. h3 {C55: Zweispringerspiel.} Bxf3 7. Qxf3 {[%eval -38,31] [%wdl 9,879,112]} (7. Bxc6+ $11 {[%eval 23,29] [%wdl 70,915,15]} bxc6 8. Qxf3) 7... Nd4 $15 8. Qd1 {Schwarz hat minimalen Vorteil.} Nxd5 9. Nxd5 c6 10. Ne3 d5 {[%eval 72,22] [%wdl 281,717,2]} (10... Ne6 $11 {[%eval -23,27] [%wdl 12,925,63] bleibt in der Remisbreite.}) 11. exd5 cxd5 12. d3 {[%eval -2,28] [%wdl 22,952,26]} (12. c3 $14 {[%eval 61,23] [%wdl 202,796,2]} Nc6 13. Qb3) 12... Bb4+ $2 {[%eval 341,26] [%wdl 1000,0,0][%mdl 8192] [#] Das Aus für Schwarz.} (12... Bc5 $11 {[%eval -2,28] [%wdl 22,952,26]}) 13. c3 $18 Nc6 14. cxb4 Nxb4 15. a3 Nc6 16. Ng4 Nd4 17. g3 Qa5+ 18. b4 ({Jedoch nicht} 18. Bd2 Qc7 19. Rc1 Nc6 $18) 18... Qb5 19. Nxe5 f6 20. Nf3 Nxf3+ 21. Qxf3 O-O 22. O-O Rfe8 23. Bf4 Rac8 {[%cal Ba8c8,Bc8c2,Bc2a2,Ba2a3][%mdl 32]} 24. Bd2 Rc2 25. Rfd1 {[%cal Bf1d1,Bd1e1,Be1e8,Be8c8,Bc8c6][%mdl 32]} a5 26. Rab1 Ra2 27. Kh2 Rxa3 28. bxa5 Qc5 {[%eval 694,22] [%wdl 1000,0,0]} (28... Qxd3 $142 {[%eval 466,25] [%wdl 1000,0,0]} 29. Be3 Qe4 30. Qxe4 Rxe4 31. Rxd5 Re7) 29. Re1 Qd4 30. Rxe8+ {Weiß setzt Matt.} Kf7 31. Rc8 Rxd3 32. Be3 Rxe3 33. fxe3 Qd3 34. Rxb7+ Kg6 35. Rc6 Qd2+ 36. Qg2 Qxe3 37. a6 d4 {[%cal Bd5d4,Bd4d3,Bd3d2][%mdl 32]} 38. a7 d3 39. a8=Q d2 40. Rb1 Qd3 41. Rd1 h6 42. Qb7 h5 43. Qb6 h4 44. gxh4+ {Ab hier nicht mehr rekonstruierbar.   Gewichteter Fehlerwert: Weiß=0.25 (präzise) /Schwarz=0.67.  Verlustzug:     	---       	Schwarz=1     Fehler:       	Weiß=2     	Schwarz=2     Ungenau:       	Weiß=1     	Schwarz=2     OK:         	Weiß=6     	Schwarz=5     Bester:       	Weiß=1     	---} 1-0

[Event "Vereinsjugendmeisterschaft 2024"]
[Site "Steinfurt"]
[Date "2024.06.02"]
[Round "6.12"]
[White "Fegers, Florian"]
[Black "Heidger, Jayden"]
[Result "1-0"]
[WhiteElo "725"]
[BlackElo "750"]
[PlyCount "67"]
[Beauty "8111716830217"]
[GameId "2056834828610031"]
[EventDate "2024.??.??"]
[WhiteTeam "SC Steinfurt 1996 e. V."]
[BlackTeam "SC Steinfurt 1996 e. V."]

{[%evp 9,66,420,515,475,520,478,571,580,682,588,640,636,628,558,29989,719,29990,29991,29999,1030,29995,29992,29992,840,29998,29999,29999,828,816,709,710,710,706,707,708,690,858,692,693,687,687,646,639,624,707,648,29988,29989,29991,29992,29993,29994,29995,29996,29996,29996,29997,29997,29999]} 1. e4 h5 2. d4 f5 ({Vorgänger:} 2... g6 3. Nf3 Bg7 4. Bd3 c6 5. h3 d5 6. e5 Nh6 7. O-O Na6 8. c3 Nc7 9. Re1 {½-½ Giri,A (2774)-Nakamura,H (2736) Speed Chess Chess.com INT blitz 2021 (2.38)}) 3. Nc3 a5 4. Nf3 g5 5. Bxg5 Rh7 6. Bb5 {B00: Damenfianchetto, Nimzowitsch-Verteidigung.} Nh6 7. O-O fxe4 8. Nxe4 {Weiß steht klar auf Gewinn.} Bg7 {Schwarz hat schwache schwarze Felder} 9. Bf4 Ra6 10. Bxa6 bxa6 11. Nfg5 Nc6 12. Nxh7 {[%eval 719,25] [%wdl 1000,0,0]} (12. Qxh5+ $142 {[%eval 32746,27] [%wdl 1000,0,0]} Kf8 13. Nxh7+ Kg8 14. Bxh6 Kh8 15. Nhg5 (15. Bxg7+ Kxg7 16. Rfd1 Nb4 $18) 15... Qg8 16. Nf7+ Qxf7 {[%mdl 64] Verteidiger eliminieren} 17. Qxf7 Bxh6 18. Qe8+ Kh7 19. Qxc8) 12... Kf7 {[%cal Be8f7,Bf7e6,Be6d5,Bd5c4,Bc4b4,Bb4b5,Bb5b6,Bb6b7,Bb7a7,Ba7b8][%mdl 32]} 13. Qxh5+ Ke6 14. Bxh6 {[%eval 1030,24] [%wdl 1000,0,0]} (14. d5# $142 {[%eval 32766,245] [%wdl 1000,0,0]}) 14... Bxd4 15. Qg6+ Kd5 16. Qg5+ {[%eval 840,26] [%wdl 1000,0,0]} (16. b3 $142 {[%eval 32752,33] [%wdl 1000,0,0]} Ne5 17. c4+ Nxc4 18. bxc4+ Kxc4 19. Rfc1+ Kb5 20. Rab1+ Bb2 21. Rxb2+ Ka4 22. Qg3 Qh8 23. Nc5#) 16... Kc4 17. b3+ Kb4 18. Qd2+ {[%eval 828,25] [%wdl 1000,0,0]} (18. a3# $142 {[%eval 32766,245] [%wdl 1000,0,0]}) 18... Kb5 $18 19. a4+ Kb6 20. Be3 Bxe3 21. Qxe3+ Kb7 22. Nc5+ Ka7 23. Ne4+ Kb8 24. c3 Qg8 25. b4 Qxh7 26. Ng5 Qc2 27. bxa5 Qb2 28. Rab1 {Weiß setzt Matt.} Qxb1 29. Rxb1+ Ka8 30. Qd2 d5 31. Qb2 d4 32. cxd4 e5 33. dxe5 Bf5 34. Qb7# {Weiß übernahm nach der Eröffnung die Kontrolle.   Gewichteter Fehlerwert: Weiß=0.39/Schwarz=1.80.  Ungenau:       	---       	Schwarz=1} 1-0